[Event "Championnat de France - Vétérans"]
[Site "Aix-les-Bains"]
[Date "2007.08.21"]
[Round "7.1"]
[White "Goldenberg, Richard"]
[Black "Molet, Asher"]
[Result "1-0"]
[WhiteElo "2322"]
[BlackElo "1924"]
[PlyCount "37"]
[EventDate "2007.??.??"]

1. c4 e6 2. Nf3 d5 3. g3 Nf6 4. Bg2 Be7 5. O-O O-O 6. d4 Nbd7 7. Qc2 c6 8. Nbd2
b6 9. e4 Bb7 10. e5 Ne8 11. b3 Rc8 12. Rd1 c5 13. dxc5 bxc5 14. cxd5 exd5 15.
Bh3 Nc7 16. Ne4 Ne6 17. Bxe6 fxe6 18. Neg5 Rf5 19. Nxe6 1-0

[Event "Championnat de France - Vétérans"]
[Site "Aix-les-Bains"]
[Date "2007.08.21"]
[Round "7.2"]
[White "Laval, Hubert"]
[Black "Vaisman, Volodia"]
[Result "0-1"]
[WhiteElo "1910"]
[BlackElo "2346"]
[PlyCount "66"]
[EventDate "2007.??.??"]

1. Nf3 g6 2. g3 Bg7 3. d4 Nf6 4. Bg2 O-O 5. O-O d6 6. c4 Nbd7 7. Nc3 e5 8. e3
Re8 9. d5 a5 10. e4 Nc5 11. Re1 Bd7 12. b3 Nh5 13. Be3 b6 14. Qc2 f5 15. Bg5
Qc8 16. exf5 Bxf5 17. Qd2 Rf8 18. Bh6 Bg4 19. Bxg7 Rxf3 20. Bh6 Rf7 21. Ne4
Nxe4 22. Bxe4 Nf6 23. Bg2 Bh3 24. Re2 Bxg2 25. Kxg2 a4 26. b4 Qg4 27. Rc1 e4
28. Qe3 Re8 29. h3 Qf3+ 30. Kg1 Qf5 31. Kg2 b5 32. g4 Nxg4 33. hxg4 Qxg4+ 0-1

[Event "Championnat de France - Vétérans"]
[Site "Aix-les-Bains"]
[Date "2007.08.21"]
[Round "7.3"]
[White "Rodriguez, Jean-Pierre"]
[Black "Birens, Eric-Andre"]
[Result "1-0"]
[WhiteElo "1915"]
[BlackElo "2021"]
[PlyCount "140"]
[EventDate "2007.??.??"]

1. Nf3 c5 2. e3 Nf6 3. d4 g6 4. Bd3 Bg7 5. O-O O-O 6. Nbd2 b6 7. c3 Bb7 8. e4
cxd4 9. Nxd4 e5 10. N4f3 d5 11. Qe2 Nbd7 12. Rd1 Qc7 13. exd5 Nxd5 14. Bb5 Nc5
15. Nf1 h6 16. Ne3 Nf4 17. Qf1 Bxf3 18. gxf3 Rad8 19. Bd2 Qb7 20. Be2 Nce6 21.
Ng2 Nh3+ 22. Kh1 e4 23. Ne1 Neg5 24. Qg2 exf3 25. Nxf3 Rxd2 26. Nxd2 Qxg2+ 27.
Kxg2 Nf4+ 28. Kf1 Re8 29. Re1 Rd8 30. Rad1 Nge6 31. Nf3 Rc8 32. Rd7 a5 33. Red1
a4 34. a3 Bf6 35. Rb7 Nxe2 36. Kxe2 Rc6 37. Ra7 Nc5 38. Rd5 Re6+ 39. Kf1 g5 40.
Nd4 Re4 41. Nf5 Kh7 42. Rxf7+ Kg6 43. Ra7 Rf4 44. Ne3 Ne4 45. Nd1 Rh4 46. f3
Nc5 47. Kg2 g4 48. fxg4 Rxg4+ 49. Kf3 Rh4 50. Rd2 Ne4 51. Rg2+ Bg5 52. Ne3 Nf6
53. Nc2 Kh5 54. Nd4 Ng4 55. Rxa4 Nxh2+ 56. Ke2 Re4+ 57. Kd3 Re3+ 58. Kc2 Nf1
59. Rf2 Re1 60. Rb4 Rc1+ 61. Kd3 Bd8 62. Rg2 Rb1 63. Nf3 Bg5 64. Rb5 Kg6 65.
Nxg5 hxg5 66. Rgxg5+ Kf6 67. Rg1 Re1 68. Rxb6+ Ke5 69. Rg8 Re3+ 70. Kc2 Kd5 1-0

[Event "Championnat de France - Vétérans"]
[Site "Aix-les-Bains"]
[Date "2007.08.21"]
[Round "7.4"]
[White "Hoyer, Hans-Gerd"]
[Black "Andrieu, Philippe"]
[Result "0-1"]
[WhiteElo "2137"]
[BlackElo "2028"]
[PlyCount "58"]
[EventDate "2007.??.??"]

1. g3 d5 2. Bg2 e5 3. d3 Nf6 4. Nf3 Bd6 5. O-O O-O 6. c3 c6 7. Qc2 Bg4 8. e4
Nbd7 9. Nbd2 Re8 10. h3 Bxf3 11. Nxf3 Rc8 12. Nh4 g6 13. f4 exf4 14. gxf4 dxe4
15. dxe4 Nh5 16. Qd1 Bc5+ 17. Kh2 Qxh4 18. Qxd7 Qg3+ 19. Kh1 Rcd8 20. Qg4 Qxg4
21. hxg4 Ng3+ 22. Kh2 Nxf1+ 23. Bxf1 Rd1 24. Be2 Re1 25. Bd3 Be3 26. Bxe3 Rxa1
27. a3 a6 28. Kg2 Rd8 29. Bc2 Ra2 0-1

[Event "Championnat de France - Vétérans"]
[Site "Aix-les-Bains"]
[Date "2007.08.21"]
[Round "7.5"]
[White "Guillaumat, Jean-Pierre"]
[Black "Peyrin, Jean"]
[Result "0-1"]
[WhiteElo "2015"]
[BlackElo "2011"]
[PlyCount "76"]
[EventDate "2007.??.??"]

1. d4 Nf6 2. Nf3 e6 3. e3 b6 4. c4 Bb7 5. Bd3 Ne4 6. O-O Be7 7. Qc2 f5 8. Nfd2
d5 9. f3 Nxd2 10. Bxd2 O-O 11. Nc3 g6 12. Ne2 c5 13. a3 Nc6 14. dxc5 Bxc5 15.
b4 Bd6 16. cxd5 exd5 17. Nd4 Nxd4 18. exd4 Rc8 19. Qa4 Bb8 20. Ba6 Bxa6 21.
Qxa6 Rc4 22. Be3 Re8 23. Bf2 Qd7 24. Rfe1 Rxe1+ 25. Rxe1 Qc6 26. b5 Qd7 27. a4
Bf4 28. g3 Bd2 29. Re2 Bc3 30. Ra2 Qe7 31. Kg2 Ba5 32. h4 h6 33. Kf1 Rc1+ 34.
Kg2 g5 35. hxg5 hxg5 36. Bg1 g4 37. fxg4 fxg4 38. Kf2 Qe1+ 0-1

[Event "Championnat de France - Vétérans"]
[Site "Aix-les-Bains"]
[Date "2007.08.21"]
[Round "7.6"]
[White "Fouchet, Guy"]
[Black "Rosenfeld, Imre"]
[Result "0-1"]
[WhiteElo "1718"]
[BlackElo "2026"]
[PlyCount "86"]
[EventDate "2007.??.??"]

1. e4 e6 2. d4 d5 3. e5 c5 4. c3 Nc6 5. Nf3 Qb6 6. Be2 cxd4 7. cxd4 Nh6 8. Nc3
Nf5 9. Na4 Qa5+ 10. Nc3 Be7 11. a3 Bd7 12. Bb5 O-O 13. O-O Nxe5 14. Nxe5 Bxb5
15. Nxb5 Qxb5 16. b4 Rac8 17. Bb2 Rc7 18. Rc1 Rfc8 19. Rxc7 Rxc7 20. g4 Nh4 21.
f4 Ng6 22. f5 Nxe5 23. dxe5 Rc8 24. f6 Bf8 25. fxg7 Bxg7 26. Qf3 Qd7 27. Bd4 b6
28. h4 Rc7 29. g5 Qc6 30. h5 Qc4 31. Ba1 Qh4 32. g6 fxg6 33. hxg6 Qg5+ 34. Kh1
Qh6+ 35. Kg1 Qxg6+ 36. Qg2 Qxg2+ 37. Kxg2 Rc2+ 38. Rf2 Rxf2+ 39. Kxf2 Kf7 40.
Kf3 Kg6 41. Kg4 b5 42. Bd4 a6 43. Kf3 Kf5 0-1

[Event "Championnat de France - Vétérans"]
[Site "Aix-les-Bains"]
[Date "2007.08.21"]
[Round "7.7"]
[White "Graille, Michel"]
[Black "Labarthe, Arnaud"]
[Result "1/2-1/2"]
[WhiteElo "2010"]
[BlackElo "1952"]
[PlyCount "118"]
[EventDate "2007.??.??"]

1. d4 d5 2. Nf3 Bf5 3. c4 e6 4. Nc3 c6 5. Bf4 Bd6 6. Qd2 Nf6 7. Bxd6 Qxd6 8. e3
Nbd7 9. Be2 dxc4 10. Bxc4 Ne4 11. Nxe4 Bxe4 12. Be2 h6 13. h3 O-O 14. O-O Rfd8
15. Qc3 Nb6 16. Rac1 Bd5 17. b3 Nd7 18. a4 b6 19. Nd2 f5 20. Bf3 Rac8 21. b4
Qe7 22. Qb2 Kh8 23. Rc2 Nf6 24. Rfc1 Qe8 25. Bxd5 exd5 26. Nf3 Ne4 27. Ne5 Rd6
28. f3 Ng5 29. Qa3 Nf7 30. b5 Nxe5 31. Qxd6 Nc4 32. Qf4 cxb5 33. axb5 Qe6 34.
h4 Re8 35. e4 fxe4 36. fxe4 Qxe4 37. Qf2 Kg8 38. Rf1 Qe6 39. Ra2 Na5 40. Raa1
Qe7 41. Rae1 Qd7 42. Re5 Nc4 43. Rf5 Qe6 44. Rf8+ Rxf8 45. Qxf8+ Kh7 46. Qf5+
Qxf5 47. Rxf5 Kg6 48. Rxd5 Kf6 49. Rd7 Na3 50. Rxa7 Nxb5 51. Ra4 Kf5 52. Rb4
Nc3 53. Rxb6 Ne2+ 54. Kf2 Nxd4 55. g4+ Ke5 56. Rg6 Ne6 57. Ke3 Kd5 58. Kd2 Kd6
59. Ke3 Kd5 1/2-1/2

[Event "Championnat de France - Vétérans"]
[Site "Aix-les-Bains"]
[Date "2007.08.21"]
[Round "7.8"]
[White "Oger, Claude"]
[Black "Renault, Jean-Pierre"]
[Result "1/2-1/2"]
[WhiteElo "1999"]
[BlackElo "1910"]
[PlyCount "121"]
[EventDate "2007.??.??"]

1. d4 f5 2. c4 Nf6 3. Nc3 g6 4. g3 Bg7 5. Bg2 d6 6. Nf3 O-O 7. O-O Qe8 8. Bg5
e5 9. dxe5 dxe5 10. Bxf6 Bxf6 11. Nd5 Bd8 12. Qd2 c6 13. Nc3 Bf6 14. Rad1 Be6
15. b3 Na6 16. e4 f4 17. gxf4 exf4 18. e5 Bg7 19. Ne4 Rd8 20. Qc3 Rxd1 21. Rxd1
Bg4 22. Nd6 Qe7 23. c5 Nc7 24. Re1 Nd5 25. Qd3 Bf5 26. Qc4 Be6 27. Qe4 b6 28.
b4 bxc5 29. bxc5 Rb8 30. Nd4 Qd7 31. Nxe6 Qxe6 32. Qf3 Rb2 33. Bh3 Qe7 34. Qg4
Rb8 35. e6 Bd4 36. Ne4 Rb2 37. a4 Kg7 38. Re2 Rxe2 39. Qxe2 Bxc5 40. Qc4 Bb6
41. Qxc6 Nf6 42. Qc3 Qd8 43. Qe5 Qd4 44. Qxd4 Bxd4 45. Nd6 Nd5 46. Kf1 Kf6 47.
f3 Nc7 48. Ne4+ Ke7 49. Bg4 Nxe6 50. Bxe6 Kxe6 51. Ng5+ Kd5 52. Nxh7 Kc4 53.
Nf8 g5 54. Ne6 Bf6 55. Nc7 a5 56. Ke2 Kb3 57. Nd5 Bd8 58. Kd3 Kxa4 59. Kc4 Ka3
60. Nc3 Be7 61. Ne4 1/2-1/2

[Event "Championnat de France - Vétérans"]
[Site "Aix-les-Bains"]
[Date "2007.08.21"]
[Round "7.9"]
[White "Derouineau, Paul"]
[Black "Danzanvilliers, Patrice"]
[Result "1/2-1/2"]
[WhiteElo "1978"]
[BlackElo "1858"]
[PlyCount "46"]
[EventDate "2007.??.??"]

1. e4 Nf6 2. e5 Nd5 3. d4 d6 4. c4 Nb6 5. exd6 cxd6 6. Nf3 g6 7. Be3 Bg7 8. Nc3
Nc6 9. h3 O-O 10. Qd2 d5 11. cxd5 Nxd5 12. Bh6 e6 13. Bxg7 Kxg7 14. Be2 b6 15.
O-O Bb7 16. Rac1 Rc8 17. Rfd1 Nde7 18. d5 exd5 19. a3 f6 20. Nxd5 Qxd5 21. Qxd5
Nxd5 22. Rxd5 Ne7 23. Rdd1 Rxc1 1/2-1/2

[Event "Championnat de France - Vétérans"]
[Site "Aix-les-Bains"]
[Date "2007.08.21"]
[Round "7.10"]
[White "Lapierre, Jacques"]
[Black "Violeau, Jean-Luc"]
[Result "1-0"]
[WhiteElo "2030"]
[BlackElo "1862"]
[PlyCount "71"]
[EventDate "2007.??.??"]

1. h3 d5 2. d4 Nf6 3. Bf4 Bf5 4. e3 h6 5. Nd2 Nbd7 6. Ngf3 e6 7. c3 c6 8. b4
Be7 9. Be2 O-O 10. O-O Ne4 11. Nxe4 Bxe4 12. Nd2 Bh7 13. Nb3 Re8 14. Na5 Qc8
15. Nb3 Bf8 16. a4 b6 17. a5 c5 18. axb6 axb6 19. Rxa8 Qxa8 20. Bb5 Rd8 21.
Bxd7 Rxd7 22. bxc5 bxc5 23. Nxc5 Ra7 24. Qb3 Bxc5 25. dxc5 Rb7 26. Qd1 Rb1 27.
Qxb1 Bxb1 28. Rxb1 Qa5 29. c6 Kh7 30. c7 Qxc3 31. Rb8 e5 32. Bxe5 Qxe5 33. c8=Q
Qa1+ 34. Kh2 Qe5+ 35. g3 Qf6 36. Qc2+ 1-0

[Event "Championnat de France - Vétérans"]
[Site "Aix-les-Bains"]
[Date "2007.08.22"]
[Round "8.1"]
[White "Peyrin, Jean"]
[Black "Goldenberg, Richard"]
[Result "0-1"]
[WhiteElo "2011"]
[BlackElo "2322"]
[PlyCount "90"]
[EventDate "2007.??.??"]

1. d4 g6 2. c4 Bg7 3. Nc3 d6 4. e4 e5 5. dxe5 dxe5 6. Qxd8+ Kxd8 7. f4 Be6 8.
fxe5 Nd7 9. Nf3 Ne7 10. Bf4 Nc6 11. O-O-O Kc8 12. Be2 Ncxe5 13. Nxe5 Bxe5 14.
Bxe5 Nxe5 15. b3 c6 16. h3 Kc7 17. Rd2 b6 18. Rhd1 g5 19. Bf1 h5 20. Ne2 Rh6
21. Nd4 Rf6 22. Be2 g4 23. hxg4 hxg4 24. Rf1 Rxf1+ 25. Bxf1 Rh8 26. Kc2 g3 27.
Be2 Rh4 28. Bd3 Bg4 29. Be2 Bd7 30. Bd3 Rh2 31. Bf1 Bg4 32. Kc3 a6 33. Ne2 Bxe2
34. Rxe2 Rh1 35. Re1 Nf3 36. Rd1 Nh4 37. Kd2 Rg1 38. Re1 Nxg2 39. Bxg2 Rxg2+
40. Re2 Rxe2+ 41. Kxe2 Kd6 42. b4 Ke5 43. Kf3 g2 44. Kxg2 Kxe4 45. a4 Kd4 0-1

[Event "Championnat de France - Vétérans"]
[Site "Aix-les-Bains"]
[Date "2007.08.22"]
[Round "8.2"]
[White "Vaisman, Volodia"]
[Black "Rodriguez, Jean-Pierre"]
[Result "1-0"]
[WhiteElo "2346"]
[BlackElo "1915"]
[PlyCount "89"]
[EventDate "2007.??.??"]

1. Nf3 Nf6 2. c4 e6 3. d4 d5 4. Nc3 Bd6 5. Bg5 Nbd7 6. e3 c6 7. Bd3 Qe7 8. O-O
dxc4 9. Bxc4 e5 10. Bb3 O-O 11. Bc2 Qe6 12. Bh4 Re8 13. Ng5 Qg4 14. Bxh7+ Kf8
15. Qxg4 Nxg4 16. Nge4 Bc7 17. Bf5 Nh6 18. Bh3 exd4 19. exd4 f5 20. Ng5 Nf6 21.
Rfe1 Bd7 22. Nf3 Nh7 23. Ng5 Nf6 24. g3 Rxe1+ 25. Rxe1 Bb6 26. Nf3 Nhg8 27. Bg5
Rd8 28. Bf4 Bc8 29. Be5 g6 30. Bf1 Ng4 31. h3 N4h6 32. Bc4 Nf7 33. Bxf7 Kxf7
34. a3 a6 35. Na4 Ba7 36. Bc7 Rd5 37. Nc3 Rxd4 38. Nxd4 Bxd4 39. Be5 Bb6 40.
Na4 Bd8 41. Nc5 Ne7 42. h4 Nd5 43. Nd3 Be7 44. Bd4 g5 45. Ne5+ 1-0

[Event "Championnat de France - Vétérans"]
[Site "Aix-les-Bains"]
[Date "2007.08.23"]
[Round "8.3"]
[White "Andrieu, Philippe"]
[Black "Rosenfeld, Imre"]
[Result "0-1"]
[WhiteElo "2028"]
[BlackElo "2026"]
[PlyCount "196"]
[EventDate "2007.??.??"]

1. d4 d5 2. e4 e6 3. exd5 exd5 4. Nf3 Nf6 5. Bd3 Bd6 6. O-O O-O 7. c4 c6 8. c5
Bc7 9. Bg5 Bg4 10. Nbd2 Nbd7 11. Qc2 Qb8 12. Rfe1 Re8 13. Rxe8+ Qxe8 14. Re1
Qf8 15. Ne5 Re8 16. Bxf6 Nxf6 17. f4 Bc8 18. b4 a6 19. Rf1 h6 20. a4 Ng4 21.
Rf3 Nxe5 22. fxe5 Qe7 23. Rg3 Qh4 24. Nf3 Qf4 25. Qf2 Bd8 26. h3 Bf5 27. Be2
Qc1+ 28. Kh2 Qf4 29. Kg1 Be4 30. b5 axb5 31. axb5 Bf5 32. bxc6 bxc6 33. Qe1 Be7
34. Kh2 Rb8 35. Qa5 Rb2 36. Qa6 g6 37. Bf1 Be4 38. Qc8+ Kg7 39. Qd7 Bf8 40.
Qxc6 Bxf3 41. Qf6+ Qxf6 42. exf6+ Kxf6 43. Rxf3+ Ke7 44. Ba6 Bg7 45. Re3+ Kd7
46. Rf3 f5 47. Rg3 g5 48. Bd3 f4 49. Bf5+ Kc6 50. Rd3 Rb4 51. h4 Bxd4 52. hxg5
hxg5 53. Kh3 Kxc5 54. Kg4 Bf6 55. Be6 d4 56. Ra3 Rb6 57. Bg8 Rd6 58. Rd3 Rd8
59. Bh7 Kc4 60. g3 fxg3 61. Kxg3 Be5+ 62. Kg2 Bf4 63. Bf5 Re8 64. Ra3 Re3 65.
Rxe3 Bxe3 66. Kf3 Kc3 67. Ke2 Kc4 68. Bd3+ Kd5 69. Kf3 Kc5 70. Be2 Kb4 71. Bd3
Kc3 72. Bf5 Kd2 73. Kg2 Ke2 74. Bg4+ Kd2 75. Kf1 d3 76. Bd7 Bf4 77. Ba4 Bg3 78.
Bb3 Bh2 79. Ba4 Ke3 80. Bb3 Kd2 81. Ba4 Bg3 82. Bb3 Bf4 83. Ba4 g4 84. Bb3 g3
85. Ba4 Kc1 86. Bb3 Be3 87. Kg2 Bf2 88. Kf1 Bd4 89. Kg2 Be5 90. Kf1 Kd2 91. Ba4
Ke3 92. Bd1 Kd2 93. Ba4 Kc1 94. Bb3 d2 95. Ke2 Bd4 96. Kf3 Bf2 97. Ke2 Be1 98.
Kf1 d1=Q 0-1

[Event "Championnat de France - Vétérans"]
[Site "Aix-les-Bains"]
[Date "2007.08.22"]
[Round "8.4"]
[White "Birens, Eric-Andre"]
[Black "Laval, Hubert"]
[Result "1-0"]
[WhiteElo "2021"]
[BlackElo "1910"]
[PlyCount "91"]
[EventDate "2007.??.??"]

1. d4 Nf6 2. c4 e6 3. Nc3 Bb4 4. e3 Bxc3+ 5. bxc3 O-O 6. Nf3 b6 7. Bd3 Bb7 8.
O-O Ne4 9. Nd2 f5 10. f3 Nxd2 11. Bxd2 d6 12. e4 fxe4 13. fxe4 Rxf1+ 14. Qxf1
Nd7 15. Qe2 Qe7 16. Qh5 Rf8 17. e5 g6 18. exd6 cxd6 19. Qh3 Rf7 20. a4 d5 21.
a5 dxc4 22. Bxc4 Bd5 23. Bd3 bxa5 24. c4 Bc6 25. Re1 Nf8 26. Qe3 Qa3 27. h4 a4
28. h5 Qd6 29. hxg6 hxg6 30. Be2 Rh7 31. Qf4 Qxf4 32. Bxf4 Rb7 33. Bd6 Rb2 34.
d5 exd5 35. Bf3 Rb7 36. cxd5 Bb5 37. Rc1 Rd7 38. Ba3 Nh7 39. Bg4 Rb7 40. Be6+
Kg7 41. d6 Bd7 42. Bd5 Rb8 43. Rc7 Nf6 44. Be6 g5 45. Bxd7 g4 46. Bxg4+ 1-0

[Event "Championnat de France - Vétérans"]
[Site "Aix-les-Bains"]
[Date "2007.08.22"]
[Round "8.5"]
[White "Molet, Asher"]
[Black "Lapierre, Jacques"]
[Result "1/2-1/2"]
[WhiteElo "1924"]
[BlackElo "2030"]
[PlyCount "40"]
[EventDate "2007.??.??"]

1. d4 d5 2. Nf3 Nf6 3. e3 Bg4 4. c4 Bxf3 5. Qxf3 e6 6. Nc3 c6 7. Bd3 Nbd7 8. e4
dxe4 9. Nxe4 Nxe4 10. Bxe4 Bb4+ 11. Kf1 Nf6 12. Be3 Nxe4 13. Qxe4 O-O 14. g3
Qa5 15. Kg2 Bd2 16. Rhd1 Bxe3 17. Qxe3 Rfd8 18. Rd3 Rd7 19. Ra3 Qb6 20. Rb3 Qc7
1/2-1/2

[Event "Championnat de France - Vétérans"]
[Site "Aix-les-Bains"]
[Date "2007.08.22"]
[Round "8.6"]
[White "Hoyer, Hans-Gerd"]
[Black "Hirschmann, Georges"]
[Result "1/2-1/2"]
[WhiteElo "2137"]
[BlackElo "1942"]
[PlyCount "201"]
[EventDate "2007.??.??"]

1. e4 c5 2. Nf3 Nc6 3. d3 d6 4. g3 Nf6 5. Bg2 e6 6. O-O Be7 7. Re1 Qc7 8. c3
O-O 9. Bd2 Rb8 10. d4 e5 11. d5 Nd8 12. Na3 b5 13. Nc2 Bg4 14. Ne3 Qd7 15. Nxg4
Qxg4 16. h3 Qd7 17. b3 Ne8 18. h4 g6 19. Kh2 Ng7 20. Bh3 Qe8 21. Bh6 f5 22. Qe2
Rf7 23. Kg2 Bf8 24. Ng5 Rf6 25. Qc2 f4 26. Nf3 fxg3 27. fxg3 Be7 28. Rf1 Rf8
29. Rf2 Nf7 30. Be3 a5 31. Kg1 b4 32. c4 a4 33. Nh2 Nd8 34. Rxf8+ Bxf8 35. Ng4
Nh5 36. Rf1 Bg7 37. Kh2 axb3 38. axb3 Ra8 39. Nh6+ Bxh6 40. Bxh6 Ng7 41. Qf2
Ra7 42. Qf6 Rf7 43. Qxd6 Rxf1 44. Bxf1 Nf7 45. Qxc5 Nxh6 46. Bh3 Qf8 47. Qe3
Nf7 48. c5 Qa8 49. Qd2 Qa5 50. Qc2 Ne8 51. Be6 Kg7 52. Bd7 Qd8 53. Bb5 g5 54.
h5 g4 55. Be2 Qc8 56. c6 Ng5 57. Qc4 Nf3+ 58. Kg2 Nd4 59. Qxb4 Qc7 60. Bxg4 Nd6
61. Bf5 N4xf5 62. exf5 Nxf5 63. Qg4+ Kf6 64. Qg8 Qd6 65. Kh3 e4 66. Qh8+ Kg5
67. Qg8+ Kf6 68. b4 e3 69. Kg2 e2 70. Kf2 Qe7 71. Qh8+ Kg5 72. Qc3 Qd6 73. c7
Ne7 74. Qe3+ Kxh5 75. Qxe2+ Kg6 76. Qxe7 Qxe7 77. c8=Q Qxb4 78. Qe6+ Kg7 79. d6
Qd2+ 80. Kf3 Qd3+ 81. Kg2 Qc2+ 82. Kh3 Qd1 83. Qe7+ Kg6 84. Qe4+ Kg7 85. Qe7+
Kg6 86. Qe8+ Kg7 87. d7 Qh1+ 88. Kg4 h5+ 89. Kg5 Qd5+ 90. Kf4 Qd2+ 91. Ke4 Qe2+
92. Kf5 Qg4+ 93. Ke5 Qxg3+ 94. Kd4 Qg1+ 95. Kc3 Qc1+ 96. Kd4 Qd2+ 97. Ke5 Qe3+
98. Kd6 Qd4+ 99. Kc7 Qc5+ 100. Kd8 Qa5+ 101. Kc8 1/2-1/2

[Event "Championnat de France - Vétérans"]
[Site "Aix-les-Bains"]
[Date "2007.08.22"]
[Round "8.7"]
[White "Renault, Jean-Pierre"]
[Black "Graille, Michel"]
[Result "1-0"]
[WhiteElo "1910"]
[BlackElo "2010"]
[PlyCount "45"]
[EventDate "2007.??.??"]

1. d4 Nf6 2. Nf3 b6 3. g3 e6 4. Bg2 Bb7 5. O-O Be7 6. c4 O-O 7. Nc3 d6 8. Qc2
c5 9. d5 e5 10. e4 Ne8 11. Be3 Bc8 12. Nd2 f5 13. exf5 Bxf5 14. Be4 g6 15. f4
exf4 16. Bxf4 Qd7 17. Bh6 Ng7 18. Bxf5 Rxf5 19. Nde4 Na6 20. Nb5 Raf8 21. Rxf5
gxf5 22. Qc3 Rf7 23. Nbxd6 1-0

[Event "Championnat de France - Vétérans"]
[Site "Aix-les-Bains"]
[Date "2007.08.22"]
[Round "8.8"]
[White "Danzanvilliers, Patrice"]
[Black "Dubreuil, Remy"]
[Result "1/2-1/2"]
[WhiteElo "1858"]
[BlackElo "2004"]
[PlyCount "39"]
[EventDate "2007.??.??"]

1. e4 e6 2. d4 d5 3. Nc3 Bb4 4. e5 c5 5. a3 Bxc3+ 6. bxc3 Ne7 7. Qg4 Qa5 8. Bd2
O-O 9. Bd3 Qa4 10. Kd1 Nf5 11. Nf3 c4 12. Bxf5 exf5 13. Qg3 Qc6 14. Bg5 Kh8 15.
Qf4 Qe6 16. Re1 Nc6 17. Nh4 Bd7 18. Qf3 Rae8 19. Qh5 Kg8 20. Bd2 1/2-1/2

[Event "Championnat de France - Vétérans"]
[Site "Aix-les-Bains"]
[Date "2007.08.22"]
[Round "8.9"]
[White "Labarthe, Arnaud"]
[Black "Oger, Claude"]
[Result "1-0"]
[WhiteElo "1952"]
[BlackElo "1999"]
[PlyCount "129"]
[EventDate "2007.??.??"]

1. d4 Nf6 2. Nc3 d5 3. Bg5 e6 4. Nf3 Be7 5. Bxf6 Bxf6 6. e4 g6 7. h4 h5 8. e5
Bg7 9. Bd3 c5 10. dxc5 Qa5 11. Bb5+ Bd7 12. Qe2 a6 13. Bxd7+ Nxd7 14. O-O Qxc5
15. Rfe1 Rc8 16. Rac1 O-O 17. Nb1 Qb4 18. b3 Rc6 19. Rcd1 Qe7 20. g3 Rc7 21.
Nbd2 Rxc2 22. Qd3 Rfc8 23. Nc4 Rxa2 24. Qb1 Rxf2 25. Kxf2 dxc4 26. b4 a5 27.
bxa5 Qc5+ 28. Kg2 Nxe5 29. Nxe5 Bxe5 30. Qe4 Bc3 31. Rf1 Bxa5 32. Rd7 Qc6 33.
Qxc6 bxc6 34. Rfxf7 Bc3 35. Rfe7 Bb2 36. Rc7 Rxc7 37. Rxc7 Be5 38. Rxc6 c3 39.
Rxe6 Bd4 40. Rxg6+ Kf7 41. Rc6 Ke7 42. Kf3 Kd7 43. Rc4 Bf6 44. Ke4 Ke6 45. Rc6+
Ke7 46. Kf5 Kd7 47. Rc4 Bh8 48. Kg5 Ke6 49. Kxh5 Kd5 50. Rc8 Bd4 51. Kg5 Bc5
52. Re8 c2 53. Re1 c1=Q+ 54. Rxc1 Be3+ 55. Kf5 Bxc1 56. g4 Kd6 57. Kf6 Bb2+ 58.
Kg6 Ke6 59. g5 Ke7 60. Kh7 Kf8 61. h5 Bc1 62. g6 Bb2 63. h6 Bf6 64. g7+ Bxg7
65. hxg7+ 1-0

[Event "Championnat de France - Vétérans"]
[Site "Aix-les-Bains"]
[Date "2007.08.22"]
[Round "8.10"]
[White "Mengus, Charles"]
[Black "Derouineau, Paul"]
[Result "1-0"]
[WhiteElo "1878"]
[BlackElo "1978"]
[PlyCount "55"]
[EventDate "2007.??.??"]

1. e4 c5 2. Nc3 Nc6 3. f4 g6 4. Nf3 Bg7 5. Bc4 e6 6. O-O Nge7 7. d3 O-O 8. Qe1
d5 9. Bb3 Nd4 10. e5 Nxf3+ 11. Rxf3 Nf5 12. Ne2 b5 13. c3 Bb7 14. Rh3 d4 15. c4
bxc4 16. Bxc4 Qd7 17. Ng3 Nxg3 18. Qxg3 Qc6 19. Bd2 a5 20. Rf1 Kh8 21. Rf2 Qe8
22. Qh4 h5 23. f5 Bxe5 24. f6 Kh7 25. Qg5 Bxf6 26. Qxf6 Qd8 27. Qf4 Bc8 28.
Qh6+ 1-0

[Event "Championnat de France - Veterans"]
[Site "Aix-les-Bains"]
[Date "????.??.??"]
[Round "9.1"]
[White "Rosenfeld, Imre"]
[Black "Goldenberg, Richard"]
[Result "0-1"]
[WhiteElo "2026"]
[BlackElo "2322"]
[PlyCount "102"]

1. d4 c5 2. e3 Nf6 3. Bd3 e6 4. Nf3 b6 5. c3 Bb7 6. Nbd2 Be7 7. e4 cxd4 8. cxd4
O-O 9. O-O d6 10. b4 d5 11. e5 Ne4 12. a3 Nd7 13. Bb2 f5 14. exf6 gxf6 15. Qe2
f5 16. Ne5 Nxe5 17. dxe5 a5 18. f3 Nxd2 19. Qxd2 Ba6 20. Bxa6 Rxa6 21. b5 Ra8
22. Rfc1 Bc5+ 23. Bd4 Rc8 24. a4 Rf7 25. Bxc5 Rxc5 26. Rxc5 bxc5 27. f4 Qb6 28.
Kh1 c4 29. Qc3 Rg7 30. Rf1 Rg4 31. h3 Rg7 32. Kh2 Kf8 33. Rf3 Rc7 34. Qe1 Rg7
35. Qc3 Ke8 36. Rg3 Rg6 37. Rxg6 hxg6 38. Qg3 Kd7 39. Qxg6 c3 40. Qf7+ Kc8 41.
Qe8+ Kb7 42. Qe7+ Qc7 43. Qxe6 c2 44. Qa6+ Kb8 45. b6 Qb7 46. Qf1 Qc6 47. Qc1
d4 48. e6 d3 49. e7 Qe4 50. Qd2 Qxe7 51. Kg3 Qc5 0-1

[Event "Championnat de France - Veterans"]
[Site "Aix-les-Bains"]
[Date "????.??.??"]
[Round "9.2"]
[White "Birens, Eric-Andre"]
[Black "Vaisman, Volodia"]
[Result "0-1"]
[WhiteElo "2021"]
[BlackElo "2346"]
[PlyCount "73"]

1. d4 d6 2. c4 e5 3. d5 Be7 4. e4 Nf6 5. Nc3 Nbd7 6. Be3 Nf8 7. Be2 Ng6 8. g3
h5 9. h4 Ng4 10. Bxg4 Bxg4 11. f3 Bd7 12. Qd2 a6 13. a4 a5 14. Nge2 b6 15. Nc1
O-O 16. Nd3 f5 17. Rf1 f4 18. gxf4 Bxh4+ 19. Ke2 exf4 20. Bd4 Bg3 21. Kd1 Qg5
22. Kc2 h4 23. Ne2 Qh5 24. Qc3 Rf7 25. Kb3 Re8 26. Ka3 h3 27. b4 axb4+ 28. Qxb4
h2 29. Qb1 Bh3 30. Nc3 Nh4 31. Kb4 Nxf3 32. Rxf3 Qxf3 33. e5 Bf5 34. e6 Rfe7
35. Qf1 Qxf1 36. Rxf1 Bxd3 37. Rd1 0-1

[Event "Championnat de France - Veterans"]
[Site "Aix-les-Bains"]
[Date "????.??.??"]
[Round "9.3"]
[White "Molet, Asher"]
[Black "Andrieu, Philippe"]
[Result "1-0"]
[WhiteElo "1924"]
[BlackElo "2028"]
[PlyCount "195"]

1. Nf3 Nf6 2. d4 d5 3. Bf4 e6 4. e3 Bd6 5. Bd3 Bxf4 6. exf4 Qd6 7. Qd2 Ne4 8.
Bxe4 dxe4 9. Ne5 f6 10. Nc4 Qa6 11. Qe2 Nc6 12. c3 Bd7 13. Nbd2 f5 14. Nb3 b5
15. Nc5 Qc8 16. Ne3 Ne7 17. Qh5+ Ng6 18. g4 O-O 19. Qg5 fxg4 20. Rg1 Rxf4 21.
Rxg4 e5 22. Rxf4 exf4 23. Qd5+ Kh8 24. Qxd7 Qxd7 25. Nxd7 fxe3 26. fxe3 Nh4 27.
Ke2 Nf3 28. h3 h5 29. Nc5 Re8 30. Rf1 Kg8 31. b3 g6 32. d5 Ng5 33. Rg1 Re5 34.
c4 bxc4 35. bxc4 Kh7 36. Rf1 Kg7 37. h4 Nf3 38. Ne6+ Kg8 39. Nxc7 Re7 40. d6
Rd7 41. c5 Ne5 42. Ne8 Rb7 43. Nf6+ Kg7 44. Nxe4 Rb2+ 45. Nd2 Rc2 46. Rb1 Rxc5
47. Rb7+ Kf8 48. Rxa7 Rd5 49. Ne4 Nc4 50. Ra6 Kf7 51. Rc6 Ne5 52. Ng5+ Ke8 53.
Ra6 Nc4 54. Ne4 Kf7 55. Ra7+ Ke6 56. d7 Ke7 57. Ra6 Ne5 58. Nf6 Rb5 59. Kf2
Nxd7 60. Nxd7 Kxd7 61. a4 Rb4 62. a5 Rxh4 63. Rxg6 Ra4 64. Rg5 h4 65. Kg2 Ke7
66. Rh5 Kf7 67. Rb5 Ra3 68. Kf3 Ke7 69. Kf4 Ra4+ 70. e4 h3 71. Rh5 h2 72. Rxh2
Rxa5 73. Rh6 Ra1 74. Rb6 Kd7 75. Kf5 Rf1+ 76. Ke5 Kc7 77. Rf6 Rd1 78. Ke6 Rd6+
79. Ke7 Rd7+ 80. Ke6 Rd6+ 81. Ke5 Rd1 82. Rf7+ Kd8 83. Ke6 Ra1 84. Rd7+ Kc8 85.
e5 Re1 86. Rd5 Kc7 87. Ke7 Kc6 88. Rd6+ Kc7 89. Ke6 Rf1 90. Rd2 Rh1 91. Rf2 Rb1
92. Ke7 Kc6 93. Rd2 Rf1 94. e6 Rf3 95. Rc2+ Kd5 96. Kd7 Rh3 97. e7 Rh7 98. Kd8
1-0